00421nam a22001337a 4500008004100000082001600041100001700057245003800074260004400112300000900156942001200165999001500177952009500192230620b xxu||||| |||| 00| 0 eng d a320.91bPYE cLucian W.Pye aAspect of a political Development acanadabLittle, Brown and Companyc1960 a205p 2ddccBK c1625d1625 00102ddc4070a002b002d2023-06-20l0o320.91 PYEp10000810r2023-06-20w2023-06-20yBK